000 00843nam a2200217 a 4500
001 000027769
005 20200930031100.0
008 110224s2005 dr a 000 0 spa d
020 _a9993486825
040 _aDO-SdBNP
_bspa
_cBNPHU
082 _axxxx
245 0 0 _aConstruyendo la generación futura mediante la educación en los valores /
_ccoordinadora Delia de Rodríguez; prólogo Madga Rivera.
260 _aSantiago, República Dominicana :
_bMinisterio de Enseñanza de la Congregación Cristiana.,
_c2005.
300 _aix, 125 p. :
_bil. ;
_c28 cm.
500 _aLa biblioteca posee el libro 3, año 2005-2006
504 _aBibliografía: p. 125
700 1 _aRodríguez, Delia de
_952739
700 1 _aRivera, Magda,
_epról.
_954843
710 1 _aMinisterio de Enzeñanza de la Congregación Cristiana.
_954844
049 _aBNPD
999 _c27261
_d27261